| 000 | 00376nam a22001217a 4500 | ||
|---|---|---|---|
| 082 | _aTHE 200 | ||
| 100 |
_aAMEER HAMZA _972388 |
||
| 245 | _aTH-SOF-0908-ROLE OF MEASUREMENT IN ENGINEERING EDUCATION MEASURE STUDENT MOTIVATION WITH LMS | ||
| 260 |
_aNUST COLLEGE OF EME _bISLAMABAD _c2001 |
||
| 650 |
_aMS-EM-6 MSTHESIS _970416 |
||
| 700 |
_aDR QAISER MALIK _931435 |
||
| 942 | _cCF | ||
| 999 |
_c578543 _d578543 |
||